| 000 -LEADER |
| fixed length control field |
01354cam a22003854a 4500 |
| 001 - CONTROL NUMBER |
| control field |
7918383 |
| 003 - CONTROL NUMBER IDENTIFIER |
| control field |
ASAB |
| 005 - DATE AND TIME OF LATEST TRANSACTION |
| control field |
20180827062530.0 |
| 006 - FIXED-LENGTH DATA ELEMENTS--ADDITIONAL MATERIAL CHARACTERISTICS |
| fixed length control field |
m d |
| 007 - PHYSICAL DESCRIPTION FIXED FIELD--GENERAL INFORMATION |
| fixed length control field |
cr n |
| 008 - FIXED-LENGTH DATA ELEMENTS--GENERAL INFORMATION |
| fixed length control field |
030922s2004 nju sbf 001 0 eng d |
| 020 ## - INTERNATIONAL STANDARD BOOK NUMBER |
| International Standard Book Number |
047185199X (cloth) |
| 020 ## - INTERNATIONAL STANDARD BOOK NUMBER |
| International Standard Book Number |
047185199X |
| 035 ## - SYSTEM CONTROL NUMBER |
| System control number |
(WaSeSS)ssj0000354954 |
| 040 ## - CATALOGING SOURCE |
| Original cataloging agency |
DLC |
| Transcribing agency |
DLC |
| Modifying agency |
ASAB |
| -- |
WaSeSS |
| 042 ## - AUTHENTICATION CODE |
| Authentication code |
pcc |
| 050 #4 - LIBRARY OF CONGRESS CALL NUMBER |
| Classification number |
TP248.27.P55 |
| Item number |
H43 2004 |
| 050 #4 - LIBRARY OF CONGRESS CALL NUMBER |
| Classification number |
TP248.27.P55 |
| 082 00 - DEWEY DECIMAL CLASSIFICATION NUMBER |
| Classification number |
660.6 |
| Edition number |
22 |
| 210 10 - ABBREVIATED TITLE |
| Abbreviated title |
Handbook of plant biotechnology |
| 245 00 - TITLE STATEMENT |
| Title |
Handbook of plant biotechnology |
| Medium |
[electronic resource] / |
| Statement of responsibility, etc. |
editors in chief, Paul Christou and Harry Klee. |
| 260 ## - PUBLICATION, DISTRIBUTION, ETC. |
| Place of publication, distribution, etc. |
Hoboken, N.J. : |
| Name of publisher, distributor, etc. |
John Wiley & Sons, |
| Date of publication, distribution, etc. |
2004. |
| 300 ## - PHYSICAL DESCRIPTION |
| Extent |
738 |
| 440 ## - SERIES STATEMENT/ADDED ENTRY--TITLE |
| Volume/sequential designation |
1&2 |
| 9 (RLIN) |
1048 |
| 504 ## - BIBLIOGRAPHY, ETC. NOTE |
| Bibliography, etc. note |
Includes bibliographical references and index. |
| 506 ## - RESTRICTIONS ON ACCESS NOTE |
| Terms governing access |
License restrictions may limit access. |
| 650 #0 - SUBJECT ADDED ENTRY--TOPICAL TERM |
| Topical term or geographic name entry element |
Plant biotechnology |
| Form subdivision |
Handbooks, manuals, etc. |
| 9 (RLIN) |
1049 |
| 650 #0 - SUBJECT ADDED ENTRY--TOPICAL TERM |
| Topical term or geographic name entry element |
Plant genetic engineering |
| Form subdivision |
Handbooks, manuals, etc. |
| 9 (RLIN) |
1050 |
| 700 1# - ADDED ENTRY--PERSONAL NAME |
| Personal name |
Christou, Paul. |
| 9 (RLIN) |
1051 |
| 700 1# - ADDED ENTRY--PERSONAL NAME |
| Personal name |
Klee, Harry. |
| 9 (RLIN) |
1052 |
| 773 #0 - HOST ITEM ENTRY |
| Title |
Wiley-Blackwell Online Reference Works |
| 856 40 - ELECTRONIC LOCATION AND ACCESS |
| Uniform Resource Identifier |
<a href="http://www.columbia.edu/cgi-bin/cul/resolve?clio7918383">http://www.columbia.edu/cgi-bin/cul/resolve?clio7918383</a> |
| Public note |
Full text available from Wiley-Blackwell Online Reference Works |
| 910 ## - USER-OPTION DATA (OCLC) |
| User-option data |
Library of Congress record |
| 942 ## - ADDED ENTRY ELEMENTS (KOHA) |
| Source of classification or shelving scheme |
|
| Koha item type |
Book |